Billie Eilish - Chansons commençant par L - Statistiques

Statistiques générales
  • Ce quiz a été pris 45 fois
  • Le résultat moyen est 4 sur 6
Statistiques - réponses
L % Correct
lovely (feat. Khalid)
82%
L'AMOUR DE MA VIE
74%
LUNCH
74%
Lost Cause
71%
listen before I go
63%
Lo Vas A Olvidar (feat. ROSALÍA)
55%
Aucun quiz correspondant
Distribution des résultats
% des personnes avec chaque résultat
Percentile par nombre de réponses
Votre historique - résultats
Vous n’avez pas pris ce quiz